|
|
|
|
| LEADER |
00889nam a2200241 a 4500 |
| 001 |
000633848 |
| 003 |
CZ BrMZK |
| 005 |
20040623093824.0 |
| 007 |
ta |
| 008 |
021030s1987 xr f cze d |
| 040 |
|
|
|a BOA001
|b cze
|c BOA001
|
| 080 |
|
|
|a 342(437)
|2 MRF
|
| 100 |
1 |
|
|a Zdobinský, Stanislav,
|d 1927-
|7 jk01152312
|4 aut
|
| 245 |
1 |
0 |
|a Československé státní právo /
|c Stanislav Zdobinský, I. Průša, J. Jirásek
|
| 260 |
|
|
|a Praha :
|b Tisková, ediční a propagační služba,
|c 1987
|
| 300 |
|
|
|a 240 s.
|
| 490 |
1 |
|
|a Institut ministerstva vnitra ČSR. C ;
|v sv. 117
|
| 700 |
1 |
|
|a Jirásek, Jiří,
|d 1927-
|7 jx20040129002
|4 aut
|
| 700 |
1 |
|
|a Průša, Ivan,
|d 1940-2000
|7 jk01101458
|4 aut
|
| 830 |
|
0 |
|a Institut ministerstva vnitra ČSR. C
|
| 910 |
|
|
|a BOA001
|b 4-0920.658
|
| 990 |
|
|
|a BK
|
| 996 |
7 |
|
|b 2619502838
|c 4-0920.658
|l MZK
|r Sklad / do 1 hodiny
|n 2
|w 000633848
|u 000010
|a 1
|e BOA001
|j MZK50
|s A
|